[Event "Aarhus Festuge"]
[Site "Aarhus"]
[Date "1983.??.??"]
[Round "4"]
[White "Brinck Claussen, Bjorn"]
[Black "Jacobsen, Bo"]
[Result "1/2-1/2"]
[WhiteElo "2380"]
[BlackElo "2320"]

1. d4 d6 2. e4 g6 3. Nf3 Bg7 4. Be2 Nf6 5. Nc3 O-O 6. O-O c6 7. h3 a6
8. Re1 Nbd7 9. e5 Ne8 10. Bf4 b5 11. Bf1 Nb6 12. a4 Nc7 13. axb5 axb5
14. Rxa8 Nbxa8 15. exd6 exd6 16. Ne4 Ne8 17. Qd2 Nac7 18. Bg5 f6 19.
Bh6 Bxh6 20. Qxh6 Be6 21. Bd3 Bc4 22. Bxc4+ bxc4 23. Ned2 d5 24. b3
1/2-1/2

[Event "Aarhus Festuge"]
[Site "Aarhus"]
[Date "1983.??.??"]
[Round "4"]
[White "Hvenekilde, Jorgen"]
[Black "Kristensen, Leif Sogaard"]
[Result "1-0"]
[WhiteElo "2260"]
[BlackElo "2220"]

1. Nf3 Nf6 2. c4 c5 3. g3 g6 4. Bg2 Bg7 5. O-O O-O 6. d4 cxd4 7. Nxd4
Nc6 8. Nc3 Qb6 9. Nc2 d6 10. b3 Be6 11. Nd5 Bxd5 12. cxd5 Ne5 13. Bb2
Rfc8 14. h3 Rc7 15. Bd4 Qa5 16. Ne3 Nh5 17. f4 Nxg3 18. fxe5 dxe5 19.
d6 exd6 20. Nd5 Rd7 21. Bc3 Qc5+ 22. Rf2 e4 23. Bxg7 Kxg7 24. b4 Nxe2+
25. Kf1 Ng3+ 26. Ke1 Qc4 27. Rc1 Qd3 28. Rd2 Qa6 29. Qb3 Nf5 30. Bf1 b5
31. Nc7 Qb7 32. Nxa8 e3 33. Rd5 Qxa8 34. Qc3+ Kh6 35. Rxf5 gxf5 36.
Qxe3+ Kg6 37. Qg3+ Kf6 38. Qh4+ Ke5 39. Rc2 1-0

[Event "Aarhus Festuge"]
[Site "Aarhus"]
[Date "1983.??.??"]
[Round "4"]
[White "Schandorff, Lars"]
[Black "Pedersen, Erik"]
[Result "1/2-1/2"]
[WhiteElo "2355"]
[BlackElo "2340"]

1. Nf3 b5 2. e3 a6 3. c4 bxc4 4. Bxc4 Nf6 5. d4 e6 6. O-O Be7 7. Nc3
O-O 8. e4 d5 9. Bd3 dxe4 10. Nxe4 Nbd7 11. Qe2 Bb7 12. Rd1 Nxe4 13.
Bxe4 Bxe4 14. Qxe4 Nf6 15. Qe2 Nd5 16. Be3 Qb8 17. Ne5 Qb5 18. Rd2
1/2-1/2

[Event "Aarhus Festuge"]
[Site "Aarhus"]
[Date "1983.??.??"]
[Round "4"]
[White "Schmidt, Kristen"]
[Black "Knudsen, Per"]
[Result "1-0"]
[WhiteElo "2200"]
[BlackElo "2295"]

1. e4 e6 2. d4 d5 3. Nd2 c5 4. exd5 Qxd5 5. Ngf3 Nf6 6. Bc4 Qc6 7. O-O
a6 8. a4 b6 9. Ne5 Qc7 10. Ndf3 cxd4 11. Re1 Nc6 12. Nxc6 Qxc6 13. Ne5
Qc5 14. b3 Bd6 15. Ba3 Qc7 16. Qxd4 Bxa3 17. Rxa3 O-O 18. b4 Rd8 19.
Qh4 Bb7 20. Rg3 Ne8 21. Rh3 Nf6 22. Rg3 Ne8 23. Rh3 Nf6 24. Bd3 Kf8
25. Kf1 h6 26. Rg3 Rd5 27. Rxg7 Kxg7 28. Qg3+ Ng4 29. Qxg4+ Kf8 30. Qf4
Ke8 31. Qxh6 Ke7 32. Nxf7 Kxf7 33. Qg6+ Kf8 34. Rxe6 Qg7 35. Qxg7+ Kxg7
36. Re7+ Kf6 37. Rxb7 Rd6 38. Ke2 Re8+ 39. Kd2 Ke5 40. Rg7 Rh8 41. h3
Rh4 42. c3 a5 43. bxa5 Rxa4 44. Rg5+ Kf6 45. Rg6+ Ke7 46. Rxd6 Kxd6
47. axb6 Kc6 48. Bb5+ Kxb5 49. b7 1-0

[Event "Aarhus Festuge"]
[Site "Aarhus"]
[Date "1983.??.??"]
[Round "5"]
[White "Jacobsen, Bo"]
[Black "Schmidt, Kristen"]
[Result "0-1"]
[WhiteElo "2320"]
[BlackElo "2200"]

1. c4 Nf6 2. g3 g6 3. Bg2 Bg7 4. Nc3 d6 5. Nf3 O-O 6. O-O c5 7. b3 Nc6
8. Bb2 a6 9. Rb1 Bd7 10. a4 Rb8 11. Nd5 Nxd5 12. cxd5 Nd4 13. b4 Qe8
14. Nxd4 cxd4 15. Rc1 d3 16. Bxg7 dxe2 17. Qxe2 Kxg7 18. Qe3 Bxa4 19.
Rfe1 Bb5 20. Qd4+ Kg8 21. Qh4 e5 22. dxe6 fxe6 23. Qd4 Rf7 24. Bh3 e5
25. Qxd6 Rd8 26. Qe6 Kf8 27. Qa2 Qe7 28. Be6 Rf6 29. Rxe5 Qxb4 30. d4
0-1

[Event "Aarhus Festuge"]
[Site "Aarhus"]
[Date "1983.??.??"]
[Round "5"]
[White "Knudsen, Per"]
[Black "Hvenekilde, Jorgen"]
[Result "1/2-1/2"]
[WhiteElo "2295"]
[BlackElo "2260"]

1. Nf3 Nf6 2. c4 g6 3. d4 Bg7 4. Nc3 O-O 5. g3 d6 6. Bg2 Nc6 7. O-O Bf5
8. d5 Na5 9. Nd2 c6 10. e4 Bg4 11. Ne2 cxd5 12. cxd5 Rc8 13. Rb1 b5
14. b3 Qb6 15. b4 Nc4 16. Nxc4 Rxc4 17. Be3 Qc7 18. f3 Bd7 19. Qd3 Rc8
20. Rfc1 a6 21. Bf1 e6 22. dxe6 fxe6 23. Nf4 g5 24. Ng2 g4 25. f4 Nxe4
26. Qd1 Rxc1 27. Rxc1 Qb7 28. Rxc8+ Qxc8 29. Qxg4 Qc3 30. a3 d5 31. Qd1
d4 32. Bc1 Bc6 33. Bd3 Bd5 34. Qc2 Qxc2 35. Bxc2 Nc3 36. Kf2 Bc4 37.
Ne1 h6 38. Bd3 Kf7 39. Bd2 Nd1+ 40. Ke2 Nb2 41. Bc1 Nxd3 42. Nxd3 Ke7
43. Kd2 Kd6 44. Kc2 Kd5 45. Nf2 Bf1 46. g4 Kc4 47. f5 exf5 48. gxf5 d3+
49. Kd1 Bg2 50. Ke1 h5 51. Bg5 Bc3+ 52. Kd1 Bd4 53. Ke1 Bc3+ 54. Kd1
Bd5 55. Kc1 Be1 56. Nd1 Kb3 57. f6 Kxa3 58. Bd2 Bh4 59. Nc3 Bf7 60. Ne4
Bg6 61. Bg5 Bxg5+ 62. Nxg5 Kxb4 63. Kd2 a5 64. f7 Bxf7 65. Nxf7 a4 66.
Kxd3 Kb3 67. Nd6 b4 68. Ne4 a3 69. Nc5+ Kb2 70. Kc4 a2 71. Nb3 Ka3 72.
h4 Ka4 73. Nc5+ 1/2-1/2

[Event "Aarhus Festuge"]
[Site "Aarhus"]
[Date "1983.??.??"]
[Round "5"]
[White "Kristensen, Leif Sogaard"]
[Black "Schandorff, Lars"]
[Result "1/2-1/2"]
[WhiteElo "2220"]
[BlackElo "2355"]

1. e4 c5 2. Nf3 d6 3. d4 cxd4 4. Qxd4 Nc6 5. Bb5 Bg4 6. Nc3 Bxf3 7.
gxf3 Nf6 8. Bg5 a6 9. Bxc6+ bxc6 10. O-O-O Qa5 11. f4 Nd7 12. e5 d5
13. e6 fxe6 14. Rhe1 Qb6 15. Qxb6 Nxb6 16. Rxe6 Kd7 17. f5 g6 18. Ne4
Na4 19. Ng3 h6 20. Be3 gxf5 21. Rg6 e6 1/2-1/2

[Event "Aarhus Festuge"]
[Site "Aarhus"]
[Date "1983.??.??"]
[Round "5"]
[White "Pedersen, Erik"]
[Black "Brinck Claussen, Bjorn"]
[Result "0-1"]
[WhiteElo "2340"]
[BlackElo "2380"]

1. d4 Nf6 2. Nf3 d5 3. e3 Bf5 4. c4 e6 5. Qb3 Qc8 6. cxd5 exd5 7. Nc3
c6 8. Bd2 Nbd7 9. Rc1 Be7 10. Be2 Qb8 11. O-O O-O 12. a3 Re8 13. Na2
Bd6 14. Bb4 Bc7 15. a4 a5 16. Ba3 Ne4 17. h3 Ndf6 18. Nc3 Qc8 19. Nxe4
Nxe4 20. Rfd1 Bxh3 21. gxh3 Qxh3 22. Qxb7 Qg4+ 23. Kf1 Qh3+ 24. Kg1 Bg3
25. Rf1 Rab8 26. Qa6 Nd2 27. fxg3 Qxg3+ 28. Kh1 Nxf1 29. Bxf1 Qxf3+
30. Bg2 Qxe3 31. Qxc6 Re6 0-1

[Event "Aarhus Festuge"]
[Site "Aarhus"]
[Date "1983.??.??"]
[Round "6"]
[White "Brinck Claussen, Bjorn"]
[Black "Schmidt, Kristen"]
[Result "1/2-1/2"]
[WhiteElo "2380"]
[BlackElo "2200"]

1. d4 Nf6 2. c4 g6 3. Nc3 Bg7 4. e4 d6 5. Nf3 O-O 6. Be2 e5 7. O-O Nbd7
8. Qc2 c6 9. Rd1 Qe7 10. Rb1 Re8 11. d5 c5 12. Ne1 Nf8 13. b4 b6 14.
Nd3 Nh5 15. a4 f5 16. f3 g5 17. exf5 Bxf5 18. Ne4 Nf4 19. Ndf2 Nd7 20.
g3 Nxe2+ 21. Qxe2 h6 22. Bd2 Rf8 23. a5 Nf6 24. Rb3 Rf7 25. Ra1 Rd8
26. axb6 axb6 27. bxc5 bxc5 28. Ra6 Nxe4 29. Nxe4 Bf8 30. Ba5 Rd7 31.
Rbb6 Bxe4 32. fxe4 Qf6 33. Kg2 h5 34. Rb1 g4 35. Rf1 Qg6 36. Rxf7 Rxf7
37. Ra8 Kg7 38. Bd2 Qf6 39. Ra1 Qf3+ 40. Qxf3 Rxf3 41. Rf1 Rd3 42. Bh6+
Kxh6 43. Rxf8 Rd4 44. h4 Rxc4 45. Rf6+ Kg7 46. Rxd6 Rxe4 47. Rc6 c4
48. Kf2 Kf7 49. Rh6 Ke7 50. Re6+ Kd7 51. Rc6 Ke7 52. Re6+ Kd8 53. Rd6+
Kc7 54. Re6 Rd4 55. Rc6+ Kd8 56. Ke2 Rd3 57. Rxc4 Rxg3 58. Re4 Rh3 59.
Rxe5 Rxh4 60. Kf2 Rh3 61. Re6 Rf3+ 62. Kg2 h4 63. Rg6 Rf4 64. Rg7 Rd4
65. d6 g3 66. Kh3 Re4 67. d7 Rd4 68. Rf7 Rxd7 69. Rf8+ Kc7 70. Rf4 Rh7
71. Rd4 Kc6 72. Rd1 Kc5 73. Ra1 Rh6 74. Rd1 Kc6 75. Ra1 Kd5 76. Ra5+
Kc4 77. Ra1 Kc3 78. Ra2 Rh8 79. Ra1 Kb2 80. Rg1 Kc2 81. Ra1 Kb2 1/2-1/2

[Event "Aarhus Festuge"]
[Site "Aarhus"]
[Date "1983.??.??"]
[Round "6"]
[White "Hvenekilde, Jorgen"]
[Black "Jacobsen, Bo"]
[Result "1-0"]
[WhiteElo "2260"]
[BlackElo "2320"]

1. e4 g6 2. d4 Bg7 3. c4 c5 4. d5 e5 5. b4 Nf6 6. Nd2 cxb4 7. a3 bxa3
8. Bxa3 b6 9. Bd6 Na6 10. Be2 Nc5 11. Qb1 Nb7 12. Bxe5 O-O 13. Bd4 Re8
14. e5 Nc5 15. exf6 Bxf6 16. Bxf6 Qxf6 17. Ra3 d6 18. Kf1 Re7 19. Qa1
Qf4 20. Qc3 Bf5 21. g3 Qh6 22. g4 Bd7 23. Bf3 f5 24. h3 a5 25. Kg2 Rae8
26. Nf1 Qh4 27. Ng3 h5 28. Ra2 f4 29. N3e2 Rf8 30. Qd4 Ref7 31. Rb2 Qd8
32. Nc3 a4 33. Nge2 hxg4 34. hxg4 Qf6 35. Qxf6 Rxf6 36. Nd4 Nd3 37.
Rxb6 Ne5 38. g5 R6f7 39. Rxd6 Ra8 40. c5 1-0

[Event "Aarhus Festuge"]
[Site "Aarhus"]
[Date "1983.??.??"]
[Round "6"]
[White "Pedersen, Erik"]
[Black "Kristensen, Leif Sogaard"]
[Result "1/2-1/2"]
[WhiteElo "2340"]
[BlackElo "2220"]

1. d4 f5 2. g3 Nf6 3. Bg2 g6 4. Nf3 Bg7 5. c4 O-O 6. Nc3 d6 7. d5 c6
8. O-O Qa5 9. a3 Qa6 10. Nd2 cxd5 11. cxd5 Nbd7 12. a4 Ne5 13. Nb5 Qb6
14. Nf3 Nxf3+ 15. Bxf3 Bd7 16. Be3 Qa5 17. Bd2 Qb6 18. Be3 Qa5 1/2-1/2

[Event "Aarhus Festuge"]
[Site "Aarhus"]
[Date "1983.??.??"]
[Round "6"]
[White "Schandorff, Lars"]
[Black "Knudsen, Per"]
[Result "0-1"]
[WhiteElo "2355"]
[BlackElo "2295"]

1. e4 e6 2. d4 d5 3. Nd2 Nf6 4. e5 Nfd7 5. f4 c5 6. c3 Nc6 7. Ndf3 Qa5
8. Be3 b5 9. dxc5 b4 10. Nd4 Qxc5 11. Qa4 Bb7 12. Bb5 Ncb8 13. Nge2
bxc3 14. bxc3 a6 15. Bd3 Qc7 16. f5 Nc6 17. fxe6 Nc5 18. exf7+ Qxf7
19. Qc2 Nxe5 20. Bf5 g6 21. O-O gxf5 22. Rxf5 Qc7 23. Nf4 Bd6 24. Re1
Rg8 25. Bf2 Ne4 26. Nde6 Qc4 27. Kh1 Kd7 28. Bd4 Rae8 29. Bxe5 Rxe6
30. Nxe6 Kxe6 31. Bxd6 Kxf5 0-1

[Event "Aarhus Festuge"]
[Site "Aarhus"]
[Date "1983.??.??"]
[Round "7"]
[White "Jacobsen, Bo"]
[Black "Schandorff, Lars"]
[Result "0-1"]
[WhiteElo "2320"]
[BlackElo "2355"]

1. g3 Nf6 2. Bg2 d5 3. c4 c6 4. Nf3 Bg4 5. b3 e6 6. O-O Nbd7 7. d3 Bd6
8. Nc3 O-O 9. Qc2 Re8 10. Qb2 a5 11. a3 e5 12. cxd5 cxd5 13. Nb5 Bb8
14. Be3 a4 15. bxa4 Nb6 16. Bxb6 Qxb6 17. Qb4 Qa5 18. h3 Bd7 19. Nd2
Rc8 20. Nb3 Qxa4 21. Qxa4 Rxa4 22. Rfc1 Rxc1+ 23. Rxc1 Bc6 24. d4 g6
25. e3 e4 26. Nc5 Ra5 27. a4 Bxb5 28. axb5 Rxb5 29. Bf1 Rb6 30. Na4 Rb4
31. Rc8+ Kg7 32. Nc3 Bd6 33. Nb5 Bf8 34. Rb8 g5 35. Rxb7 Rb2 36. Kg2
Kg6 37. Rb6 h5 38. Rc6 Bb4 39. Nc3 0-1

[Event "Aarhus Festuge"]
[Site "Aarhus"]
[Date "1983.??.??"]
[Round "7"]
[White "Knudsen, Per"]
[Black "Pedersen, Erik"]
[Result "1/2-1/2"]
[WhiteElo "2295"]
[BlackElo "2340"]

1. Nf3 b5 2. g3 Bb7 3. Bg2 Nf6 4. O-O e6 5. d4 c5 6. c3 d5 7. Nbd2 Nc6
8. Re1 Qc7 9. e4 dxe4 10. Nxe4 Nxe4 11. Rxe4 Nxd4 12. Nxd4 cxd4 13. Bf4
Qb6 14. Rxd4 Bxg2 15. Kxg2 Bc5 16. Qf3 Rc8 17. Rd3 O-O 18. Rad1 b4 19.
cxb4 Qxb4 20. Be5 Qa4 21. a3 Bb6 22. Bc3 Qc6 23. Qxc6 Rxc6 24. Rd7 f6
25. Rb7 Rf7 26. Rb8+ Rf8 27. Rb7 Rf7 28. Rdd7 Rxd7 29. Rxd7 e5 30. a4
Rc7 31. Rxc7 Bxc7 32. Kf3 1/2-1/2

[Event "Aarhus Festuge"]
[Site "Aarhus"]
[Date "1983.??.??"]
[Round "7"]
[White "Kristensen, Leif Sogaard"]
[Black "Brinck Claussen, Bjorn"]
[Result "1/2-1/2"]
[WhiteElo "2220"]
[BlackElo "2380"]

1. e4 c6 2. d4 d5 3. exd5 cxd5 4. Bd3 Nc6 5. c3 g6 6. Bf4 Bg7 7. Nf3
Nf6 8. O-O O-O 9. Re1 Nh5 10. Be3 Qd6 11. Na3 a6 12. c4 Bg4 13. cxd5
Nxd4 14. Bxd4 Bxd4 15. h3 Bxf3 16. Qxf3 Qf6 17. Qxf6 Bxf6 18. Rab1 Rfd8
19. Be4 Rac8 20. g3 Bd4 21. Kg2 Rc7 22. Red1 Be5 23. Bf3 Nf6 24. Rd2
Rdc8 25. Re1 Bd6 26. Nb1 Bb4 27. Nc3 Kf8 28. Rde2 Rd7 29. Rb1 Bxc3 30.
bxc3 Rxc3 31. Rb6 Ne8 32. h4 Nd6 33. h5 Rdc7 34. Rbb2 g5 35. h6 R7c4
36. Re5 f6 37. Re6 g4 38. Be2 Rc7 39. Bxg4 Rc2 40. Re2 Rxb2 41. Rxb2
Nf7 1/2-1/2

[Event "Aarhus Festuge"]
[Site "Aarhus"]
[Date "1983.??.??"]
[Round "7"]
[White "Schmidt, Kristen"]
[Black "Hvenekilde, Jorgen"]
[Result "0-1"]
[WhiteElo "2200"]
[BlackElo "2260"]

1. e4 e5 2. Nf3 d6 3. d4 exd4 4. Nxd4 g6 5. Nc3 Bg7 6. g3 Nc6 7. Be3
Nf6 8. h3 O-O 9. Bg2 Bd7 10. O-O Re8 11. Re1 a6 12. Qd2 Ne5 13. Qd1 Nc4
14. Bc1 c5 15. Nf3 Bc6 16. Qd3 b5 17. Rb1 Ra7 18. Bf4 Rae7 19. Nd2 d5
20. Red1 Nxd2 21. Qxd2 d4 22. e5 Bxg2 23. exf6 Bxf6 24. Kxg2 Qa8+ 25.
Kg1 dxc3 26. bxc3 Re2 27. Qd6 Bxc3 28. Qxc5 Be1 0-1

[Event "Aarhus Festuge"]
[Site "Aarhus"]
[Date "1983.??.??"]
[Round "3"]
[White "Schandorff, Lars"]
[Black "Brinck Claussen, Bjorn"]
[Result "1/2-1/2"]
[WhiteElo "2355"]
[BlackElo "2380"]

1. Nf3 Nf6 2. c4 e6 3. g3 b6 4. Bg2 Bb7 5. O-O c5 6. Nc3 Be7 7. d4 cxd4
8. Qxd4 d6 9. Bg5 O-O 10. Bxf6 Bxf6 11. Qd3 Na6 12. Rfd1 Nc5 13. Qc2
Bxc3 14. Qxc3 Qe7 15. Nd4 Bxg2 16. Kxg2 a6 17. Qf3 Qc7 18. Rac1 Rac8
19. Kg1 Qb7 20. Qxb7 Nxb7 21. Rc3 Na5 22. Nf3 Rfd8 23. Rdc1 Kf8 24. e4
Ke7 1/2-1/2

[Event "Aarhus Festuge"]
[Site "Aarhus"]
[Date "1983.??.??"]
[Round "3"]
[White "Pedersen, Erik"]
[Black "Hvenekilde, Jorgen"]
[Result "1/2-1/2"]
[WhiteElo "2340"]
[BlackElo "2260"]

1. d4 Nf6 2. Nf3 g6 3. c4 Bg7 4. Nc3 O-O 5. Bf4 d6 6. h3 Nbd7 7. e3 c6
8. Be2 a6 9. O-O b5 10. a3 bxc4 11. Bxc4 Nb6 12. Bd3 Nfd5 13. Bg5 h6
14. Bh4 Nxc3 15. bxc3 Qc7 16. e4 c5 17. Qe2 e5 18. Rab1 c4 19. Bc2 Bd7
20. dxe5 dxe5 21. Rfd1 Ba4 22. Rb4 Bxc2 23. Qxc2 Rab8 24. Rdb1 Rfe8
25. Bg3 Bf8 26. R4b2 Bd6 1/2-1/2

[Event "Aarhus Festuge"]
[Site "Aarhus"]
[Date "1983.??.??"]
[Round "3"]
[White "Kristensen, Leif Sogaard"]
[Black "Schmidt, Kristen"]
[Result "1/2-1/2"]
[WhiteElo "2220"]
[BlackElo "2200"]

1. e4 c6 2. d4 d5 3. exd5 cxd5 4. Bd3 Nc6 5. c3 Nf6 6. Bf4 Bg4 7. Qb3
Qc8 8. Nd2 e6 9. Ngf3 Bh5 10. Ne5 Bd6 11. Bb5 Qc7 12. O-O O-O 13. Rfe1
Nd7 14. Bxc6 bxc6 15. Bg3 Rab8 16. Qc2 Bxe5 17. Rxe5 Bg6 18. Qc1 Qb6
19. Re1 Rb7 20. b4 1/2-1/2

[Event "Aarhus Festuge"]
[Site "Aarhus"]
[Date "1983.??.??"]
[Round "3"]
[White "Knudsen, Per"]
[Black "Jacobsen, Bo"]
[Result "1-0"]
[WhiteElo "2295"]
[BlackElo "2320"]

1. Nf3 d6 2. d4 Bg4 3. g3 Nd7 4. Bg2 Ngf6 5. c4 c6 6. Nc3 Qa5 7. h3 Be6
8. Qd3 Bf5 9. Qd2 d5 10. cxd5 Nxd5 11. e4 1-0

[Event "Aarhus Festuge"]
[Site "Aarhus"]
[Date "1983.??.??"]
[Round "2"]
[White "Schmidt, Kristen"]
[Black "Pedersen, Erik"]
[Result "1/2-1/2"]
[WhiteElo "2200"]
[BlackElo "2340"]

1. e4 c6 2. d4 d5 3. Nc3 dxe4 4. Nxe4 Nf6 5. Nxf6+ exf6 6. c3 Bd6 7.
Bd3 O-O 8. Qc2 Re8+ 9. Ne2 g6 10. h4 Nd7 11. h5 Nf8 12. hxg6 fxg6 13.
Qb3+ Be6 14. Qxb7 Bd5 15. Kf1 a5 16. c4 Rb8 17. Qa6 Ra8 18. Qb7 1/2-1/2

[Event "Aarhus Festuge"]
[Site "Aarhus"]
[Date "1983.??.??"]
[Round "2"]
[White "Jacobsen, Bo"]
[Black "Kristensen, Leif Sogaard"]
[Result "0-1"]
[WhiteElo "2320"]
[BlackElo "2220"]

1. c4 f5 2. g3 Nf6 3. Bg2 e6 4. d3 Nc6 5. Nc3 b6 6. Nf3 Bb7 7. O-O Be7
8. e4 O-O 9. b3 Qe8 10. exf5 exf5 11. Re1 Qd8 12. a3 Re8 13. Ra2 Bf8
14. Bf4 Rc8 15. Rxe8 Qxe8 16. Nh4 g6 17. Nd5 Nxd5 18. Bxd5+ Kh8 19. Re2
Qd8 20. Nf3 h6 21. b4 Kh7 22. h4 Bg7 23. Qe1 d6 24. Re6 Rb8 25. Qe3 Ne5
26. Nxe5 Bxd5 27. cxd5 dxe5 28. Bxe5 Bf8 29. Qf3 h5 30. d4 Qd7 31. Rc6
Rc8 32. Qf4 Qxd5 33. Rxc7+ Rxc7 34. Bxc7 a5 35. bxa5 bxa5 36. Bxa5 Qxa5
37. Qe3 Qxa3 38. Qe6 Qa1+ 39. Kg2 Qxd4 40. Qd7+ Qxd7 0-1

[Event "Aarhus Festuge"]
[Site "Aarhus"]
[Date "1983.??.??"]
[Round "2"]
[White "Hvenekilde, Jorgen"]
[Black "Schandorff, Lars"]
[Result "0-1"]
[WhiteElo "2260"]
[BlackElo "2355"]

1. Nf3 Nf6 2. c4 g6 3. g3 Bg7 4. Bg2 O-O 5. O-O d5 6. cxd5 Nxd5 7. d4
Nc6 8. e4 Nb6 9. d5 Na5 10. Nc3 c6 11. Nd4 cxd5 12. exd5 e5 13. Nc2
Nac4 14. b3 Nd6 15. Ba3 Re8 16. Rc1 Bf8 17. Re1 Bd7 18. Bb2 Bg7 19. a4
a6 20. Ba3 Nbc8 21. h4 Rb8 22. Ne3 Bf8 23. Bb2 b5 24. axb5 axb5 25. Ng4
f6 26. Ne3 Qb6 27. h5 f5 28. hxg6 hxg6 29. Ne2 Bh6 30. Qd3 Nf7 31. f4
Ncd6 32. fxe5 Qxe3+ 0-1

[Event "Aarhus Festuge"]
[Site "Aarhus"]
[Date "1983.??.??"]
[Round "2"]
[White "Brinck Claussen, Bjorn"]
[Black "Knudsen, Per"]
[Result "1/2-1/2"]
[WhiteElo "2380"]
[BlackElo "2295"]

1. d4 d5 2. c4 c6 3. Nf3 Nf6 4. Nc3 dxc4 5. a4 Bf5 6. e3 e6 7. Bxc4 Bb4
8. O-O O-O 9. Qe2 Nbd7 10. e4 Bg6 11. e5 Nd5 12. Bd2 Qa5 13. Bd3 Nxc3
14. bxc3 Bxc3 15. Bxc3 Qxc3 16. Bxg6 hxg6 17. a5 Rab8 18. Qe4 Qc4 19.
Ng5 Rfd8 20. Qf4 f6 21. exf6 gxf6 22. Nf3 Qd5 23. Rfe1 g5 24. Qg3 Kf7
25. Ra3 Nf8 26. h4 gxh4 27. Qxh4 Rd7 28. Rae3 Rc8 29. Re4 Re7 30. Rf4
f5 31. Qh5+ Kf6 32. Re5 Qd7 33. g4 Rg7 34. g5+ Ke7 35. Rfxf5 Ng6 36.
Re1 Rh8 37. Qg4 Rgh7 38. Kg2 Nh4+ 39. Nxh4 Rxh4 40. Qg3 Kd8 41. Rf8+
Rxf8 1/2-1/2

[Event "Aarhus Festuge"]
[Site "Aarhus"]
[Date "1983.??.??"]
[Round "1"]
[White "Schandorff, Lars"]
[Black "Schmidt, Kristen"]
[Result "1/2-1/2"]
[WhiteElo "2355"]
[BlackElo "2200"]

1. Nf3 g6 2. e4 d6 3. d4 Nf6 4. Bd3 Bg7 5. O-O O-O 6. c3 c5 7. h3 Nc6
8. Re1 cxd4 9. cxd4 e5 10. Be3 exd4 11. Nxd4 Nd5 12. exd5 Nxd4 13. Nc3
Nf5 14. Bxf5 Bxf5 15. Bd4 Re8 16. Bxg7 Rxe1+ 17. Qxe1 Kxg7 18. Qe3 Qh4
19. f4 h5 20. Nb5 Qf6 21. Qc3 Rd8 22. Qxf6+ Kxf6 23. Nxa7 Bd3 24. Rd1
Bc4 25. Rd4 Bxa2 26. Nb5 Ke7 27. Nc3 Bb3 28. Rb4 Bc2 29. Rxb7+ Kf6 30.
Kf2 Bf5 31. Kf3 h4 32. Ne4+ Bxe4+ 33. Kxe4 Rc8 34. b4 Rc4+ 35. Ke3 Rc2
36. Kf3 Rd2 37. b5 Rxd5 38. b6 Rb5 39. Ke4 Ke6 40. Rb8 Rb4+ 41. Kd3 Kd5
42. b7 Kc6 43. Rh8 Rxb7 44. Rxh4 Kd5 45. Rh7 Rb3+ 46. Ke2 f5 47. Rg7
Ke4 48. Rxg6 d5 49. Re6+ Kxf4 50. g4 Rxh3 51. gxf5 Kxf5 1/2-1/2

[Event "Aarhus Festuge"]
[Site "Aarhus"]
[Date "1983.??.??"]
[Round "1"]
[White "Pedersen, Erik"]
[Black "Jacobsen, Bo"]
[Result "1/2-1/2"]
[WhiteElo "2340"]
[BlackElo "2320"]

1. d4 Nf6 2. Nf3 g6 3. c4 Bg7 4. Nc3 O-O 5. Bf4 d6 6. h3 c5 7. e3 Nc6
8. d5 e5 9. dxe6 Bxe6 10. Bxd6 Re8 11. Be2 Qb6 12. Qb3 Nb4 13. Bh2 Bf5
14. O-O a5 15. Rac1 Ne4 16. Na4 Qe6 17. g4 Bxg4 18. hxg4 Qxg4+ 19. Kh1
Qh3 20. Ng1 Qh4 21. Nf3 Qh3 22. Ng1 Qh4 23. Nf3 Qh3 1/2-1/2

[Event "Aarhus Festuge"]
[Site "Aarhus"]
[Date "1983.??.??"]
[Round "1"]
[White "Kristensen, Leif Sogaard"]
[Black "Knudsen, Per"]
[Result "0-1"]
[WhiteElo "2220"]
[BlackElo "2295"]

1. e4 e6 2. d4 d5 3. Nc3 Nf6 4. Bd3 c5 5. Nf3 Nc6 6. exd5 Nxd5 7. Nxd5
exd5 8. O-O c4 9. Re1+ Be7 10. Bf1 Bg4 11. c3 O-O 12. b3 b5 13. h3 Bh5
14. bxc4 bxc4 15. Qa4 Bxf3 16. Qxc6 Be4 17. Qa6 Re8 18. Bxc4 Bh4 19.
Bf1 Re6 20. Qa3 Bxf2+ 21. Kxf2 Qh4+ 22. g3 Rf6+ 23. Ke2 Qxg3 24. Kd1
Rxf1 25. Rxf1 Qd3+ 26. Ke1 Bg2 27. Rxf7 Re8+ 28. Re7 Qf1+ 0-1

[Event "Aarhus Festuge"]
[Site "Aarhus"]
[Date "1983.??.??"]
[Round "1"]
[White "Hvenekilde, Jorgen"]
[Black "Brinck Claussen, Bjorn"]
[Result "1-0"]
[WhiteElo "2260"]
[BlackElo "2380"]

1. Nf3 Nf6 2. d4 c6 3. c4 d5 4. Nc3 e6 5. g3 dxc4 6. Bg2 Nbd7 7. O-O
Be7 8. a4 a5 9. e4 O-O 10. Qe2 b6 11. Bf4 Ba6 12. Rad1 Re8 13. Qc2 Qc8
14. h4 b5 15. d5 b4 16. dxc6 bxc3 17. e5 Nd5 18. cxd7 Qxd7 19. bxc3
Rab8 20. Rd4 Rb3 21. Ng5 Bxg5 22. Bxg5 Qc7 23. Bxd5 exd5 24. Qd2 Bb7
25. Bf6 gxf6 26. exf6 Kh8 27. Rg4 Qc8 28. Rg7 Qf5 29. Qh6 Rb6 30. Rxf7
Rg8 31. Qg7+ 1-0